| 000 | 00357 a2200145 4500 | ||
|---|---|---|---|
| 001 | 158736 | ||
| 020 | _a | ||
| 040 | _cMagnum | ||
| 100 | _aSantillana | ||
| 240 | 1 | 0 |
_aDiccionario esencial santillana de la lengua espanola _lESP |
| 245 | 1 | 0 | _aDiccionario esencial santillana de la lengua espanola |
| 362 | 0 | _a1899 | |
| 697 | _aDICIONARIOS | ||
| 942 | _cBK | ||
| 999 |
_c158736 _d158736 |
||